00916nam a2200241 i 4500001000700000003000900007005001700016007000300033008004100036080004300077080002800120100002700148245010700175260004700282300002200329490002800351600006000379610003600439830003600475852002200511999001900533952012200552128063ES-MaACL20231226160444.0t|070214s1971 xxu b |||| | spa d a014.3:05(729.1 H.)Arch. José Martí a016:929 Martí, José1 aRipoll, Carlos.99742310aArchivo José Martí : brepertorio crítico : medio siglo de estudios martianos / cCarlos Ripoll. aNew York : bEliseo Torres & Sons, c1971. a276 p. ; c21 cm.1 aLiterary studies ; v1017aMartí, José,d1853-1895-vBibliografías2917093724aArchivo José Martí.91730201 aLiterary studies ; v109186718 aES-MaACLjC-47029 c128063d128063 00104070aATENEOMbATENEOMcDEPO2d2008-01-17eSCl0oC-47029p1133381r2023-02-23 00:00:00w2023-02-23yMONOGRAFIA